000 00324nam a2200121Ia 4500
008 220204s9999 xx 000 0 und d
082 _a678.5:678.01(035)
_bVIS
100 _aVishu Sha
245 0 _aHandbook of plastics testing technology
260 _aNew York
_bJohn Wiley
_c1984
650 _aPlastics testing
942 _cBK
999 _c38471
_d38471